| 000 | 00908cam0a220022900 4500 | ||
|---|---|---|---|
| 001 | tmp15388468 | ||
| 003 | UPRA | ||
| 005 | 20190830115430.0 | ||
| 008 | 950802s1947 fr fre u | ||
| 035 | _a(Sirsi) r71485 | ||
| 035 | _a(UPRA)tmp15388468 | ||
| 040 | _cUPRA | ||
| 100 | 1 |
_aCapelle, Emmanuel. _6A32669.1 |
|
| 245 | 1 | 3 |
_aLa cite indigene de Leopoldville / _c[Editeurs: Le Centre d'Etudes Sociales Africaines [and] Le Centre d'Etude des Problemes Sociaux Indigenes. |
| 260 |
_a[Elisabethville : _bC.E.P.S.I., _c1947] |
||
| 490 | 1 |
_aC.E.P.S.I. Editions Sociales ; _v5 |
|
| 651 | 0 |
_aKinshasa. _6S24381.1 |
|
| 810 | 2 |
_aCentre d'Etude des problemes sociaux Indigenes. Editions sociales ; _tCentre d'Etude des problemes sociaux Indigenes. Editions sociales ; _v5. _6S5481.1 |
|
| 949 |
_aDT665 _wlcc _i-97333 _mMAIN _tBOOK _lON-SHELF |
||
| 949 |
_aDT665 _wlcc _i-97334 _mMAIN _tBOOK _lON-SHELF |
||
| 004 | 71485 | ||
| 999 |
_c195055 _d195055 |
||